|
|
|
|
| LEADER |
00000cam a22000004a 4500 |
| 001 |
musev2_78583 |
| 003 |
MdBmJHUP |
| 005 |
20230905052115.0 |
| 006 |
m o d |
| 007 |
cr||||||||nn|n |
| 008 |
200410s2020 nbu o 00 0 eng d |
| 010 |
|
|
|z 2020007547
|
| 020 |
|
|
|a 9781496223951
|
| 020 |
|
|
|z 9781496216151
|
| 035 |
|
|
|a (OCoLC)1200578470
|
| 040 |
|
|
|a MdBmJHUP
|c MdBmJHUP
|
| 043 |
|
|
|a e-fr---
|
| 050 |
0 |
4 |
|a PQ637.F27
|b R43 2020
|
| 082 |
0 |
|
|a 398.209/44
|2 23
|
| 100 |
1 |
|
|a Reddan, Bronwyn,
|e author.
|
| 245 |
1 |
0 |
|a Love, Power, and Gender in Seventeenth-Century French Fairy Tales /
|c Bronwyn Reddan.
|
| 264 |
|
1 |
|a Lincoln :
|b University of Nebraska Press,
|c 2020.
|
| 264 |
|
3 |
|a Baltimore, Md. :
|b Project MUSE,
|c 2020
|
| 264 |
|
4 |
|c ©2020.
|
| 300 |
|
|
|a 1 online resource (270 pages).
|
| 336 |
|
|
|a text
|b txt
|2 rdacontent
|
| 337 |
|
|
|a computer
|b c
|2 rdamedia
|
| 338 |
|
|
|a online resource
|b cr
|2 rdacarrier
|
| 490 |
0 |
|
|a Women and gender in the early modern world
|
| 504 |
|
|
|a Includes bibliographical references and index.
|
| 505 |
0 |
|
|a Introduction: Reimagining Fairy-Tale Love -- Part 1. Formation of a Literary Emotional Community (1. The Creation of a Female Literary Community; 2. A Shared Vocabulary of Love) -- Part 2. Conversations about Love (3. Courtship, Consent, and Declarations of Love; 4. Marriage, Gift-Giving, and the Obligation of Love; 5. Love after Marriage: Moral Lessons and Unhappy Endings) -- Conclusion: Truth-Finding in Fairy Tales.
|
| 520 |
|
|
|a "Love, Power, and Gender in Seventeenth-Century French Fairy Tales questions the idealization of fairy-tale romance as the ultimate happy ending by showing how the women writers who dominated the first French fairy-tale vogue, the conteuses, used the genre to critique the power dynamics of courtship and marriage"--
|c Provided by publisher.
|
| 588 |
|
|
|a Description based on print version record.
|
| 650 |
|
0 |
|a Love in literature.
|
| 650 |
|
0 |
|a Marriage in literature.
|
| 650 |
|
0 |
|a Courtship in literature.
|
| 650 |
|
0 |
|a Women and literature
|z France
|x History
|y 17th century.
|
| 650 |
|
0 |
|a French fiction
|y 17th century
|x History and criticism.
|
| 650 |
|
0 |
|a French fiction
|x Women authors
|x History and criticism.
|
| 650 |
|
0 |
|a Fairy tales
|z France
|x History and criticism.
|
| 655 |
|
7 |
|a Electronic books.
|2 local
|
| 710 |
2 |
|
|a Project Muse.
|e distributor
|
| 830 |
|
0 |
|a Book collections on Project MUSE.
|
| 856 |
4 |
0 |
|z Texto completo
|u https://projectmuse.uam.elogim.com/book/78583/
|
| 945 |
|
|
|a Project MUSE - Custom Collection
|
| 945 |
|
|
|a Project MUSE - 2020 Complete
|
| 945 |
|
|
|a Project MUSE - 2020 Literature
|